An army of Davids : (Record no. 48865)

MARC details
000 -LEADER
campo de control de longitud fija 02337cam a22005294a 4500
001 - NÚMERO DE CONTROL
campo de control 50747
005 - FECHA Y HORA DE LA ÚLTIMA TRANSACCIÓN
campo de control 20230410115831.0
008 - DATOS DE LONGITUD FIJA--INFORMACIÓN GENERAL
campo de control de longitud fija 051215s2006 tnu b 001 0 eng
010 ## - NÚMERO DE CONTROL DE LA BIBLIOTECA DEL CONGRESO
Número de control de LC 2005036710
035 ## - NÚMERO DE CONTROL DEL SISTEMA
Número de control de sistema (OCoLC)ocm62679896
040 ## - FUENTE DE CATALOGACIÓN
Centro catalogador/agencia de origen DLC
Centro/agencia transcriptor DLC
Centro/agencia modificador BAKER
-- C#P
-- VP@
-- IG#
-- YDXCP
-- OCLCQ
-- COO
-- BTCTA
-- NLGGC
020 ## - NÚMERO INTERNACIONAL ESTÁNDAR DEL LIBRO
Número Internacional Estándar del Libro 1595550542
020 ## - NÚMERO INTERNACIONAL ESTÁNDAR DEL LIBRO
Número Internacional Estándar del Libro 9781595550545
029 1# - OTRO NÚMERO DE CONTROL DE SISTEMA (OCLC)
Identificador de la biblioteca OCLC IG#
Número de control de sistema 1595550542
029 1# - OTRO NÚMERO DE CONTROL DE SISTEMA (OCLC)
Identificador de la biblioteca OCLC YDXCP
Número de control de sistema 2392044
029 1# - OTRO NÚMERO DE CONTROL DE SISTEMA (OCLC)
Identificador de la biblioteca OCLC NLGGC
Número de control de sistema 291824013
029 1# - OTRO NÚMERO DE CONTROL DE SISTEMA (OCLC)
Identificador de la biblioteca OCLC NZ1
Número de control de sistema 10626450
035 ## - NÚMERO DE CONTROL DEL SISTEMA
Número de control de sistema (OCoLC)62679896
042 ## - CÓDIGO DE AUTENTICACIÓN
Código de autenticación pcc
050 14 - SIGNATURA TOPOGRÁFICA DE LA BIBLIOTECA DEL CONGRESO
Número de clasificación HM846
Número de ítem .R48 2006
082 00 - NÚMERO DE LA CLASIFICACIÓN DECIMAL DEWEY
Número de clasificación 303.48/33
Número de edición 22
084 ## - OTRO NÚMERO DE CLASIFICACIÓN
Número de clasificación 71.43
Fuente del número bcl
084 ## - OTRO NÚMERO DE CLASIFICACIÓN
Número de clasificación 89.54
Fuente del número bcl
100 1# - ENTRADA PRINCIPAL--NOMBRE DE PERSONA
Nombre de persona Reynolds, Glenn H.
245 13 - MENCIÓN DEL TÍTULO
Título An army of Davids :
Resto del título how markets and technology empower ordinary people to beat big media, big government, and other Goliaths /
Mención de responsabilidad, etc. Glenn Reynolds.
260 ## - PUBLICACIÓN, DISTRIBUCIÓN, ETC.
Lugar de publicación, distribución, etc. Nashville, Tenn. :
Nombre del editor, distribuidor, etc. Nelson Current,
Fecha de publicación, distribución, etc. c2006.
300 ## - DESCRIPCIÓN FÍSICA
Extensión xiii, 289 p. ;
Dimensiones 22 cm.
504 ## - NOTA DE BIBLIOGRAFÍA, ETC.
Nota de bibliografía, etc. Includes bibliographical references (p. 269-282) and index.
505 0# - NOTA DE CONTENIDO CON FORMATO
Nota de contenido con formato Introduction: Do it yourself -- The change -- Small is the new big -- The comfy chair revolution -- Making beautiful music, together -- A pack, not a herd -- From media to we-dia -- Interlude: Good blogging -- Horizontal knowledge -- How the game is played -- Empowering the really little guys -- Live long--and prosper! -- Space, it's not just for governments anymore -- The approaching singularity -- Conclusion: the future.
650 #0 - PUNTO DE ACCESO ADICIONAL DE MATERIA--TÉRMINO DE MATERIA
Término de materia o nombre geográfico como elemento de entrada Technology
Subdivisión general Social aspects.
650 #0 - PUNTO DE ACCESO ADICIONAL DE MATERIA--TÉRMINO DE MATERIA
Término de materia o nombre geográfico como elemento de entrada Digital media
Subdivisión general Social aspects.
650 #0 - PUNTO DE ACCESO ADICIONAL DE MATERIA--TÉRMINO DE MATERIA
Término de materia o nombre geográfico como elemento de entrada Internet
Subdivisión general Social aspects.
650 #0 - PUNTO DE ACCESO ADICIONAL DE MATERIA--TÉRMINO DE MATERIA
Término de materia o nombre geográfico como elemento de entrada Freedom of expression.
650 #0 - PUNTO DE ACCESO ADICIONAL DE MATERIA--TÉRMINO DE MATERIA
Término de materia o nombre geográfico como elemento de entrada Knowledge, Sociology of.
650 #0 - PUNTO DE ACCESO ADICIONAL DE MATERIA--TÉRMINO DE MATERIA
Término de materia o nombre geográfico como elemento de entrada Creation (Literary, artistic, etc.)
Subdivisión general Social aspects.
650 17 - PUNTO DE ACCESO ADICIONAL DE MATERIA--TÉRMINO DE MATERIA
Término de materia o nombre geográfico como elemento de entrada Technologie.
Fuente del encabezamiento o término gtt
650 17 - PUNTO DE ACCESO ADICIONAL DE MATERIA--TÉRMINO DE MATERIA
Término de materia o nombre geográfico como elemento de entrada Sociaal-economische verandering.
Fuente del encabezamiento o término gtt
650 17 - PUNTO DE ACCESO ADICIONAL DE MATERIA--TÉRMINO DE MATERIA
Término de materia o nombre geográfico como elemento de entrada Macht.
Fuente del encabezamiento o término gtt
856 41 - LOCALIZACIÓN Y ACCESO ELECTRÓNICOS
Materiales especificados Table of contents only
Identificador Uniforme de Recursos <a href="http://www.loc.gov/catdir/toc/ecip065/2005036710.html">http://www.loc.gov/catdir/toc/ecip065/2005036710.html</a>
856 42 - LOCALIZACIÓN Y ACCESO ELECTRÓNICOS
Materiales especificados Publisher description
Identificador Uniforme de Recursos <a href="http://www.loc.gov/catdir/enhancements/fy0623/2005036710-d.html">http://www.loc.gov/catdir/enhancements/fy0623/2005036710-d.html</a>
938 ## -
-- Baker & Taylor
-- BKTY
-- 24.99
-- 18.74
-- 1595550542
-- 0006677676
-- active
938 ## -
-- Ingram
-- INGR
-- 1595550542
938 ## -
-- YBP Library Services
-- YANK
-- 2392044
938 ## -
-- Baker and Taylor
-- BTCP
-- 2005036710
942 ## - ELEMENTOS DE ENTRADA SECUNDARIOS (KOHA)
Fuente del sistema de clasificación o colocación Clasificación de Library of Congress
Tipo de ítem Koha
994 ## -
-- C0
-- DRFGD
Holdings
Estatus retirado Estado de pérdida Fuente del sistema de clasificación o colocación Estado de daño No para préstamo Colección Biblioteca de origen Biblioteca actual Ubicación en estantería Fecha de adquisición Serial enumeration / chronology Signatura topográfica completa Código de barras Visto por última vez Copia número Tipo de ítem Koha
    Clasificación de Library of Congress     Ciencias Sociales Biblioteca Juan Bosch Biblioteca Juan Bosch Ciencias Sociales (3er. Piso) 10/04/2023 3 HM846 .R48 2006 00000051867 24/10/2018 1